| 000 | 00688nam a2200241Ia 4500 | ||
|---|---|---|---|
| 003 | OSt | ||
| 005 | 20220926011156.0 | ||
| 006 | a|||||r|||| 00| 0 | ||
| 007 | ta | ||
| 008 | 220923b |||||||| |||| 00| 0 eng d | ||
| 037 | _cGeneral Book | ||
| 040 |
_aRTL _cRTL _beng |
||
| 041 |
_2eng _aeng |
||
| 082 | _aX:8D, M8 | ||
| 100 | _aLevy Haim | ||
| 245 | 0 | _aPrinciples of financial management | |
| 260 |
_aNew Jersey _bPrentice-Hall _c1988 |
||
| 300 |
_axxii+617p. Bibliography chapterwise, Appendix : p 575-97 _ccm. |
||
| 650 | _aFinence | ||
| 700 | _a Sarnat Marshall | ||
| 942 |
_hX:8D, M8 _cGB _2CC |
||
| 999 |
_c619283 _d619283 |
||